000 00554nam a2200229Ia 4500
003 OSt
005 20221007115740.0
006 a|||||r|||| 00| 0
007 ta
008 221006b |||||||| |||| 00| 0 eng d
024 _a38,031
037 _cTextual
040 _aLCO
_cLCO
_beng
041 _2eng
_aeng
082 _aV3:35, Q8
100 _aGHOSH Lipi
_9263573
245 0 _aPolitical Gover4nance and Minority Rights
260 _c2018
300 _a349
942 _hV3:35, Q8
_cTEXL
999 _c1207594
_d1207594